| 000 | 01218nam a2200313 a 4500 | ||
|---|---|---|---|
| 001 | BRCA_3391 | ||
| 005 | 20190320204246.0 | ||
| 041 | _aeng | ||
| 044 | _aenk | ||
| 084 |
_a680 _b.S44 _c1905 |
||
| 100 | 1 |
_aCervantes Saavedra, Miguel de _d1547-1616 _9213 |
|
| 245 | 1 | 0 |
_aThe Life and Adventures of Don Quixote de la Mancha _cTranslated from the Spanish of Miguel de Cervantes Saavedra. |
| 260 |
_aLondres _bSeeley and Co. _c1905 |
||
| 300 |
_a1 v. en 2 partes (xix, 551 p.) _bil. _c21 cm. |
||
| 500 | _aContenido : Primera parte. Vida de Cervantes. Segunda parte. Texto | ||
| 500 | _aEdición : Illustrated by H. M. Brock | ||
| 500 | _aEjemplar igual al anterior [679]. Tela Lúdovik Osterc | ||
| 500 | _aCon ex-libris de : P. Gee (escrito a mano) | ||
| 500 | _aQM1440 | ||
| 546 | _aTexto en : inglés | ||
| 650 | 1 | 4 |
_aNovela española _yÉpoca clásica, 1500-1700 _9215 |
| 650 | 1 | 4 |
_aLiteratura española _yÉpoca clásica, 1500-1700 _9216 |
| 650 | 1 | 4 |
_aNovela española _ySiglo XVII _9217 |
| 650 | 1 | 4 |
_aDon Quijote (Personaje ficticio) _eNovela _9218 |
| 700 | 1 |
_aBrock, Henry Matthew _d1875-1960 _eIlustrador _98914 |
|
| 740 | 0 | _aEl Ingenioso Hidalgo Don Quijote de la Mancha | |
| 902 | _aQFM | ||
| 942 |
_2lcc _cB |
||
| 999 |
_c3127 _d3127 |
||